[Event "Salou Salauris op 1st"]
[Site "Salou"]
[Date "2021.06.25"]
[Round "1"]
[White "Marzal Salas, Isabel"]
[Black "Copping, Arthur David Willia"]
[Result "0-1"]
[WhiteElo "1397"]
[BlackElo "1745"]
[PlyCount "70"]
[EventDate "2021.06.25"]
[EventType "swiss"]
[EventRounds "7"]
[EventCountry "ESP"]
[SourceTitle "CBM 203 Extra"]
[Source "ChessBase"]
[SourceDate "2021.09.30"]
[SourceVersion "1"]
[SourceVersionDate "2021.09.30"]
[SourceQuality "1"]

1. d4 g6 2. Bf4 Bg7 3. e3 d6 4. c3 Nd7 5. Nf3 Ngf6 6. Bd3 0-0 7. Nbd2 Re8 8. 0-0 e5 9. Bg3 e4 10. Nxe4 Nxe4 11. Bh4 Ndf6 12. Qb3 h6 13. Nd2 Nxd2 14. Qd1 Nxf1 15. Bxf1 g5 16. Bg3 Ne4 17. Qf3 Nxg3 18. Bc4 Qe7 19. fxg3 Qxe3+ 20. Qxe3 Rxe3 21. Rf1 Be6 22. d5 Bg4 23. Bb5 a6 24. Ba4 b5 25. Bc2 Rae8 26. h3 Be2 27. Rf2 Bc4 28. a4 Rxg3 29. b3 Re1+ 30. Kh2 Be5 31. Bh7+ Kxh7 32. Rxf7+ Kg6 33. Re7 Rxh3+ 34. Kxh3 Rh1+ 35. Kg4 Be2# 0-1